000 00359nam a2200145Ia 4500
999 _c14058
_d14058
003 OSt
005 20260326185750.0
008 260210s9999 xx 000 0 und d
020 _a9781032601410
100 _aErica Morawski
245 0 _aInterior Design on Edge: History, Theory, Praxis
260 _bROUTLEDGE 2024
260 _c2024
942 _cBDES
_2ddc